Del objeto a la interfase (Record no. 12805)

MARC details
000 -CABECERA
campo de control de longitud fija 01012nam a2200313 4500
003 - IDENTIFICADOR DEL NÚMERO DE CONTROL
campo de control OSt
005 - FECHA Y HORA DE LA ÚLTIMA TRANSACCIÓN
campo de control 20260530115300.0
008 - DATOS DE LONGITUD FIJA--INFORMACIÓN GENERAL
campo de control de longitud fija 260420b1999 ag a|||| |||| 00| 0 spa d
020 ## - NÚMERO INTERNACIONAL ESTÁNDAR DEL LIBRO
Número Internacional Estándar del Libro 9879637062
040 ## - FUENTE DE LA CATALOGACIÓN
Centro catalogador/agencia de origen ICI
Lengua de catalogación spa
Centro/agencia transcriptor ICI
041 #1 - CÓDIGO DE LENGUA
Código de lengua del texto/banda sonora o título independiente spa
Código de lengua original ita
050 ## - SIGNATURA TOPOGRÁFICA DE LA BIBLIOTECA DEL CONGRESO
Número de clasificación NK1510
Número de documento/Ítem B6518
100 #1 - ENTRADA PRINCIPAL--NOMBRE DE PERSONA
Nombre de persona Bonsiepe, Gui
Fechas asociadas al nombre 1934
240 10 - TÍTULO UNIFORME
Título uniforme Dall'oggetto all'interfaccia
Lenguaje de la obra Español
245 10 - MENCIÓN DE TÍTULO
Título Del objeto a la interfase
Resto del título mutaciones del diseño /
Mención de responsabilidad, etc. Gui Bonsiepe ; vers. castellana de la ed. italiana, Luisa Dorazio
246 13 - FORMA VARIANTE DE TÍTULO
Título propio/Titulo breve Mutaciones del diseño
264 #1 - PRODUCCIÓN, PUBLICACIÓN, DISTRIBUCIÓN, FABRICACIÓN Y COPYRIGHT
Nombre del de productor, editor, distribuidor, fabricante Infinito
Fecha de producción, publicación, distribución, fabricación o copyright 1999
Producción, publicación, distribución, fabricación y copyright Buenos Aires
300 ## - DESCRIPCIÓN FÍSICA
Extensión 197 páginas
Otras características físicas ilustraciones
Dimensiones 23.0 cm.
336 ## - TIPO DE CONTENIDO
Término de tipo de contenido texto
Fuente rdacontent
337 ## - TIPO DE MEDIO
Nombre/término del tipo de medio sin medio
Fuente rdamedia
338 ## - TIPO DE SOPORTE
Nombre/término del tipo de soporte volumen
Fuente rdacarrier
490 ## - MENCIÓN DE SERIE
Mención de serie Biblioteca de diseño
500 ## - NOTA GENERAL
Nota general Traducción de: Dall'oggetto all'interfaccia
650 #4 - PUNTO DE ACCESO ADICIONAL DE MATERIA--TÉRMINO DE MATERIA
Término de materia o nombre geográfico como elemento de entrada Diseño
9 (RLIN) 2672
650 #4 - PUNTO DE ACCESO ADICIONAL DE MATERIA--TÉRMINO DE MATERIA
Término de materia o nombre geográfico como elemento de entrada Artes gráficas
9 (RLIN) 19721
650 #4 - PUNTO DE ACCESO ADICIONAL DE MATERIA--TÉRMINO DE MATERIA
Término de materia o nombre geográfico como elemento de entrada Arte comercial
700 #1 - PUNTO DE ACCESO ADICIONAL--NOMBRE DE PERSONA
Nombre de persona Dorazio, Luisa
Término indicativo de función/relación traductor
9 (RLIN) 31100
942 ## - ELEMENTOS DE PUNTO DE ACCESO ADICIONAL (KOHA)
Fuente del sistema de clasificación o colocación Dewey Decimal Classification
Tipo de ítem Koha

No items available.